LEADER 00982nam0-2200349---450- 001 990004669230403321 005 20091006110125.0 035 $a000466923 035 $aFED01000466923 035 $a(Aleph)000466923FED01 035 $a000466923 100 $a19990604d1987----km-y0itay50------ba 101 0 $aita 102 $aIT 105 $ay-------001yy 200 1 $aAnoressia$eproblemi di terapia$f[contributi di Carlo Traversa, Leonardo Albrigo, Rosaria Basile ... et al.] 210 $aRoma$cBorla$d1987 215 $a222 p.$d20 cm 225 1 $aQuaderni di psicoterapia infantile$v16 610 0 $aAnoressia$aPsicoterapia 676 $a618.928914 676 $a362.25 702 1$aAlbrigo,$bLeonardo 702 1$aBasile,$bRosaria 702 1$aTraversa,$bCarlo 801 0$aIT$bUNINA$gRICA$2UNIMARC 901 $aBK 912 $a990004669230403321 952 $aP.1 PSV 380$bBibl.s.n.$fFLFBC 959 $aFLFBC 996 $aAnoressia$9555393 997 $aUNINA LEADER 01045nam0-22003011i-450- 001 990003003410403321 035 $a000300341 035 $aFED01000300341 035 $a(Aleph)000300341FED01 035 $a000300341 100 $a20011005d1971----km-y0itay50------ba 101 0 $aita 200 1 $a<>maggioranza deviante$fFranco basaglia e Franca Basaglia Ongaro 210 $aTorino$cEinaudi$d1971 215 $a183 p.$c18 cm 225 1 $aNuovo politecnico$v43 327 2 $aLa paranoia e la dinamica dell'esclusione di S. Lemert. L'inabilità, sociale, Il problema del disdattamento nella società, di J. Ruesch. La ragione della follia di G. Scalia 610 0 $aDevianza sociale 610 0 $aEmarginazione sociale 700 1$aBasaglia,$bFranco$f<1924-1980>$037262 701 1$aOngaro Basaglia,$bFranca$f<1928-2005>$0119113 801 0$aIT$bUNINA$gRICA$2UNIMARC 901 $aBK 912 $a990003003410403321 952 $a20120 BAS/71$b19393$fSES 959 $aSES 996 $aMaggioranza deviante$9468562 997 $aUNINA LEADER 01120nam--2200361---450- 001 990002191480203316 005 20090514123342.0 035 $a000219148 035 $aUSA01000219148 035 $a(ALEPH)000219148USA01 035 $a000219148 100 $a20041119d1972----km-y0itay0103----ba 101 $ager 102 $aDE 105 $a||||||||001yy 200 1 $a<> soziale Schichtung des deutschen Volkes$eSoziographischer Versuch auf statistischer Grundlage$fTheodor Geiger 210 $aDarmstadt$cWissenschaftliche Buchgesellschaft$d1972 215 $aV, 142 p.$d22 cm 410 0$12001 454 1$12001 461 1$1001-------$12001 676 $a305.50943 700 1$aGEIGER,$bTheodor$0103325 801 0$aIT$bsalbc$gISBD 912 $a990002191480203316 951 $a305.509 GEI 1 (ISP IV 198)$b35132 E.C.$cISP IV$d00171916 959 $aBK 969 $aECO 979 $aSIAV1$b10$c20041119$lUSA01$h1159 979 $aSIAV1$b10$c20041122$lUSA01$h0916 979 $aRSIAV4$b90$c20090514$lUSA01$h1233 996 $aSoziale Schichtung des deutschen Volkes$91033005 997 $aUNISA